000 00316nam a2200121Ia 4500
008 240731s9999 xx 000 0 und d
022 _a1525-6030
245 0 _aInstrumentation Science & Technology
260 _bTaylor & Francis
856 _uhttps://www.tandfonline.com/loi/list20
942 _2ddc
942 _cTFEJ
999 _c76991
_d76991
945 _a1
_bMadushi Gamage
_c1
_dMadushi Gamage